000 nam a22 7a 4500
999 _c8416
_d8416
008 180116b ||||| |||| 00| 0 eng d
100 _94817
_aARIHANT PRAKASHAN
245 _aENGLISH HONEY COMB-7
260 _aMEERAT
_bARIHANT
_c2015